| 000 | 01219 a2200253 4500 | ||
|---|---|---|---|
| 003 | Nust | ||
| 005 | 20220817111349.0 | ||
| 010 | _a 99048385 | ||
| 020 | _a0534371736 (alk. paper) | ||
| 040 | _cNust | ||
| 082 | 0 | 0 | _a621.38216,PRO |
| 100 | 1 |
_aProakis, John G. _9662 |
|
| 245 | 1 | 0 |
_aContemporary communication systems using MATLAB / _cJohn G. Proakis, Masoud Salehi. |
| 250 | _aUpdated print. | ||
| 260 |
_aPacific Grove, CA : _bBrooks/Cole, _c2000. |
||
| 300 |
_axiii, 428 p. : _bill. ; _c23 cm. |
||
| 490 | 1 | _aBookWare companion series | |
| 505 | _aSignals and Linear Systems (Page-1), Random Process (Page-47), Analog Modulation (Page-81), Analog to Digital Conversion (Page-142), Baseband Digital Transmission (Page-175), Digital Transmission Trough Band limited channels (Page-228), Digital Transmission via Carrier Modulation (Page-286), Channel Capacity and Coding (Page-344), Spread Spectrum Communication Systems (Page-392), | ||
| 650 | 0 |
_aTelecommunication engineering _xComputer simulation. _997646 |
|
| 650 | 0 |
_aTelecommunication systems _xComputer simulation. _997647 |
|
| 700 | 1 |
_aSalehi, Masoud. _997648 |
|
| 830 | 0 |
_aBookWare companion series (Pacific Grove, Calif.) _982524 |
|
| 942 |
_2ddc _cBK |
||
| 999 |
_c190334 _d190334 |
||